Влияние финансовых технологий на развитие банковской сферы; Информационные технологии в науке, управлении, социальной сфере и медицине; Ч. 2

Бібліографічні деталі
Parent link:Информационные технологии в науке, управлении, социальной сфере и медицине: сборник научных трудов III Международной научной конференции, 23-26 мая 2016 г., Томск.— , 2016
Ч. 2.— 2016.— [С. 249-251]
Автор: Залецкая Е. Ю.
Співавтор: Национальный исследовательский Томский политехнический университет (ТПУ)
Резюме:Заглавие с титульного экрана
This article presents the statistics of investment in financial technologies such as startups with some examples of these start-ups. Also there is information about banks field of activity, where the substitution of banking services to alternative financial technologies takes place. Such financial technologies are more convenient and efficient. And finally there is a description of the new financial technologies reverse side.
Мова:Російська
Опубліковано: 2016
Серія:Информационные технологии и моделирование в финансовой сфере
Предмети:
Онлайн доступ:http://earchive.tpu.ru/handle/11683/31469
Формат: MixedMaterials Електронний ресурс Частина з книги
KOHA link:https://koha.lib.tpu.ru/cgi-bin/koha/opac-detail.pl?biblionumber=619747

MARC

LEADER 00000naa2a2200000 4500
001 619747
005 20231101133057.0
035 |a (RuTPU)RU\TPU\conf\18183 
035 |a RU\TPU\conf\18182 
090 |a 619747 
100 |a 20160830d2016 k y0rusy50 ca 
101 0 |a rus 
102 |a RU 
105 |a y z 101zy 
135 |a drgn ---uucaa 
181 0 |a i  
182 0 |a b 
200 1 |a Влияние финансовых технологий на развитие банковской сферы  |d Financial technologies impact on banking services development  |f Е. Ю. Залецкая 
203 |a Текст  |c электронный 
225 1 |a Информационные технологии и моделирование в финансовой сфере 
230 |a 1 компьютерный файл (pdf; 397 Kb) 
300 |a Заглавие с титульного экрана 
320 |a [Библиогр.: с. 251 (3 назв.)] 
330 |a This article presents the statistics of investment in financial technologies such as startups with some examples of these start-ups. Also there is information about banks field of activity, where the substitution of banking services to alternative financial technologies takes place. Such financial technologies are more convenient and efficient. And finally there is a description of the new financial technologies reverse side. 
461 1 |0 (RuTPU)RU\TPU\conf\17281  |t Информационные технологии в науке, управлении, социальной сфере и медицине  |o сборник научных трудов III Международной научной конференции, 23-26 мая 2016 г., Томск  |o в 2 ч.  |d 2016 
463 1 |0 (RuTPU)RU\TPU\conf\17287  |t Ч. 2  |f Национальный исследовательский Томский политехнический университет (ТПУ) ; под ред. О. Г. Берестневой [и др.]  |v [С. 249-251]  |d 2016 
510 1 |a Financial technologies impact on banking services development  |z eng 
610 1 |a труды учёных ТПУ 
610 1 |a электронные ресурсы 
610 1 |a финансовые технологии 
610 1 |a банковские услуги 
610 1 |a стартапы 
610 1 |a информационные технологии 
610 1 |a моделирование 
610 1 |a инновационные проекты 
700 1 |a Залецкая  |b Е. Ю. 
712 0 2 |a Национальный исследовательский Томский политехнический университет (ТПУ)  |c (2009- )  |2 stltpush  |3 (RuTPU)RU\TPU\col\15902 
801 2 |a RU  |b 63413507  |c 20160912  |g RCR 
856 4 |u http://earchive.tpu.ru/handle/11683/31469 
942 |c BK